Versi degli animali - Quiz n°3 - Statistics

Statistiche generali
  • Questo quiz è stato fatto 93 volte
  • Il punteggio medio è 6 su 10
Statistiche sulle risposte
Hint Risposta % Corretto
Belare Pecora
98%
Ronzare Mosca
85%
Ululare Sciacallo
85%
Grugnire Cinghiale
83%
Mugghiare Bue
52%
Frinire Grillo
52%
Zirlare Tordo
41%
Bubolare Allocco
35%
Trillare Cardellino
26%
Chioccolare Fringuello
21%
Nessun quiz corrispondente trovato
Distribuzione punteggi
Percentuale di utenti per punteggio
Percentile per numero di risposta
I tuoi punteggi nel tempo
Non hai fatto questo quiz